| 000 | 00724nam a22002177a 4500 | ||
|---|---|---|---|
| 003 | OSt | ||
| 005 | 20260421024109.0 | ||
| 008 | 260421b |||||||| |||| 00| 0 eng d | ||
| 020 | _a0-07-124444-1 | ||
| 040 |
_aDWCL-Main lib. _cOC |
||
| 082 |
_26th ed. _aCirc. 612.65 G162 2006 |
||
| 100 | _aGallahue, David L. | ||
| 245 |
_aUnderstanding motor development: _b infants, children, adolescents, adults/ _cDavid L. Gallahue |
||
| 250 | _a6th ed. | ||
| 260 |
_aBoston : _b McGraw-Hill, _c c2006 |
||
| 300 |
_axix, 524 p. : _b illustrations: _c23 cm |
||
| 504 | _aIncludes bibliographical references and index | ||
| 650 | _aChild development | ||
| 700 | _aOzmun, John C. | ||
| 942 |
_2ddc _cBK-CIRC _e6th ed. _hCirc. _n0 |
||
| 999 |
_c9526 _d9526 |
||